| 000 | 00656nam a2200241 a 4500 | ||
|---|---|---|---|
| 001 | 16572 | ||
| 003 | BD-RjUL | ||
| 005 | 20211209000027.0 | ||
| 008 | 14 t1969 enkac 000 0 eng d | ||
| 035 | _a(BD-RjUL)16627 | ||
| 040 |
_aDLC _beng _cDLC _dBD-RjUL |
||
| 041 | 1 |
_aeng _hita |
|
| 082 | 0 | 4 |
_a759.952 _bBUC 1969 |
| 100 | 1 |
_aBussagli, Mario. _951206 |
|
| 245 | 1 | 0 |
_aChinese painting / _cMario Bussagli |
| 250 | _a3rd ed. | ||
| 260 |
_aLondon : _bP. Hamlyn, _c1969. |
||
| 300 |
_a157 p. : _bcol. ill. ; _c20 cm. |
||
| 500 | _aTranslation of: La pittura cinese | ||
| 650 | 0 |
_aPainting, Chinese _951207 |
|
| 942 |
_2ddc _cBK |
||
| 999 |
_c16572 _d16572 |
||